| 000 | 01710nam a2200433Ii 4500 | ||
|---|---|---|---|
| 001 | DIGVERBUM0176 | ||
| 003 | NyNyDIG | ||
| 006 | m o d | ||
| 007 | cr ||||||||||| | ||
| 008 | 150303t20132013sp ob 000 0 spa d | ||
| 035 | _a(OCoLC)908277816 | ||
| 040 |
_aDGITA _beng _erda _epn _cDGITA |
||
| 020 | _z9788479629519 | ||
| 020 | _z8479629517 | ||
| 043 | _acl----- | ||
| 050 | 1 | 4 | _aPQ8497.W4 eBook |
| 100 | 1 |
_aZegarra Benites, Chrystian Iván, _d1971- _eauthor. |
|
| 245 | 1 | 3 |
_aEl celuloide mecanografiado : _bla poesía cinemática de E.A. Westphalen / _cChrystian Zegarra. |
| 264 | 1 |
_aMadrid : _bEditorial Verbum, _c2013. |
|
| 264 | 4 | _c©2013 | |
| 300 | _a1 online resource (226 pages) | ||
| 336 |
_atext _btxt _2rdacontent |
||
| 337 |
_acomputer _bc _2rdamedia |
||
| 338 |
_aonline resource _bcr _2rdacarrier |
||
| 490 | 1 | _aVerbum ensayo | |
| 504 | _aIncludes bibliographical references (pages [213]-226). | ||
| 588 | 0 | _aOnline resource; title from ePub and PDF title page (Digitalia, viewed March 20, 2015) | |
| 600 | 1 | 0 |
_aWestphalen, Emilio Adolfo, _d1911-2001 _xCriticism and interpretation. |
| 650 | 0 |
_aPeruvian poetry _y20th century _xHistory and criticism. |
|
| 650 | 0 | _aMotion pictures and literature. | |
| 655 | 0 | _aElectronic books. | |
| 791 | 2 |
_aDigitalia (Firm), _edistributor. |
|
| 793 | 0 |
_gDigitalia eBook Collection: _aVerbum |
|
| 776 | 0 | 8 |
_iPrint version: _aZegarra Benites, Chrystian Iván. _tCeluloide mecanografiado. _dMadrid : Editorial Verbum, 2013 _z9788479629519 _w(OCoLC)878064979 |
| 830 | 0 | _aEnsayo (Editorial Verbum) | |
| 856 | 4 | 0 |
_3Digitalia Hispánica _uhttps://www.digitaliapublishing.com/a/33403/ |
| 910 | _aPremium Collection: 2015 | ||
| 942 | _cRAA | ||
| 999 |
_c242013 _d242013 |
||